| 000 | 00445nam a2200169 a 4500 | ||
|---|---|---|---|
| 001 | 1921 | ||
| 003 | CDMR | ||
| 005 | 20131121180225.0 | ||
| 008 | 130130s1974||||||||||||||||||||||||||||d | ||
| 040 |
_aCDMR _bcat _cCDMR |
||
| 100 | 1 |
_aPierce, Charles Sanders _91433 |
|
| 245 | 1 | 3 | _aLa ciencia de la semiótica |
| 260 |
_aBuenos Aires _c1974 _bNueva Visión |
||
| 490 | 0 | _aSemiología y Epistemiología | |
| 650 | 0 | 4 |
_91282 _aSemiòtica |
| 942 |
_cMON _2udc |
||
| 999 |
_c1921 _d1921 |
||